| 000 | 00608nam a2200169 4500 | ||
|---|---|---|---|
| 001 | 122437 | ||
| 003 | ES-MaACL | ||
| 005 | 20230906191958.0 | ||
| 007 | t| | ||
| 008 | 070214s1965 mx r ||||1| spa d | ||
| 245 | 0 | 0 |
_aPuebla en el virreinato _b: documento anónimo inédito del siglo XVIII / _cpaleografía de Enrique Aguirre ; auxiliar Humberto Blanco González. |
| 260 |
_aPuebla (México) : _bCentro de Estudios Históricos, _c1965. |
||
| 300 |
_aXVI, 138 p. ; _c23 cm. |
||
| 700 | 1 |
_aAguirre, Enrique. _918815 |
|
| 700 | 1 |
_aBlanco González, Humberto. _929263 |
|
| 852 |
_aES-MaACL _jC-28236 _bR.57510 |
||
| 999 |
_c122437 _d122437 |
||